Análisis de Fourier : teoría y aplicaciones /

Bibliographic Details
Main Author: Serrano Devia, José Humberto (Author)
Format: Electronic eBook
Language:Spanish
Published: Bogotá : Editorial UD, [2019]
Series:Espacios (Universidad Distrital "Francisco José de Caldas")
Subjects:
Online Access:Digitalia Hispánica

MARC

LEADER 00000nam a2200000 i 4500
001 DIGUDISTRIT0006
003 NyNyDIG
007 cr |||||||||||
008 230422s2019 ck a ob 000 0 spa d
006 m o d
035 |a (OCoLC)1377520939 
040 |a DGITA  |b eng  |e rda  |e pn  |c DGITA 
020 |a 9789587873412  |q eBook 
020 |z 9789587871067 
050 1 4 |a QA403.5 ebook 
100 1 |a Serrano Devia, José Humberto,  |e author. 
245 1 0 |a Análisis de Fourier :  |b teoría y aplicaciones /  |c José Humberto Serrano Devia. 
264 1 |a Bogotá :  |b Editorial UD,  |c [2019] 
300 |a 1 online resource :  |b illustrations. 
336 |a text  |b txt  |2 rdacontent 
337 |a computer  |b c  |2 rdamedia 
338 |a online resource  |b cr  |2 rdacarrier 
347 |a text file  |2 rdaft 
347 |b EPUB 
490 1 |a Espacios 
504 |a Includes bibliographical references. 
588 0 |a Online resource; title from ePub title page (Digitalia, viewed April 22, 2023) 
650 0 |a Fourier analysis. 
791 2 |a Digitalia (Firm),  |e distributor. 
793 0 |g Digitalia eBook Collection:  |a Universidad Distrital Francisco José de Caldas 
776 0 8 |i Print version:  |a Serrano Devia, José Humberto.  |t Análisis de Fourier.  |b Primera edición.  |d Bogotá : Editorial UD, [2019]  |z 9789587871067 
830 0 |a Espacios (Universidad Distrital "Francisco José de Caldas") 
856 4 0 |3 Digitalia Hispánica  |u https://www.digitaliapublishing.com/a/125256/ 
910 |a Premium collection: 2023